Foundations of analysis : the arithmetic of whole, rational, irrational, and complex numbers. A supplement to textbooks on the differential and integral calculus

Αποθηκεύτηκε σε:
Λεπτομέρειες βιβλιογραφικής εγγραφής
Κύριος συγγραφέας: Landau, Edmund, 1877-1938
Άλλοι συγγραφείς: Steinhardt, F. (Μεταφραστής)
Μορφή: Βιβλίο
Γλώσσα:English
German
Δημοσίευση: xiv , 136 σ. ; 24 εκ.
Έκδοση:3η εκδ.
Θέματα:
Ετικέτες: Προσθήκη ετικέτας
Δεν υπάρχουν, Καταχωρήστε ετικέτα πρώτοι!

MARC

LEADER 00000cam a2200000 i 4500
001 1/75219
008 080220r1966 nyu| ||| |||| ||eng||
020 |a 082182693X 
035 |l 10094865 
040 |a GR-MyUA  |b gre  |e AACR2 
041 1 |a eng  |h ger 
082 0 |a 512.8  |2 (22) 
100 1 |a Landau, Edmund,   |d 1877-1938. 
245 1 0 |a Foundations of analysis :   |b the arithmetic of whole, rational, irrational, and complex numbers. A supplement to textbooks on the differential and integral calculus /   |c by Edmund Landau ; translated by F. Steinhardt.  
250 |a 3η εκδ.  
260 |a xiv , 136 σ. ;   |c 24 εκ. 
500 |a Το Παράρτημα της Χίου διαθέτει την ανατύπωση, 2001 
500 |a Τίτλος πρωτοτύπου: Grundlagen der analysis.  
504 |a Περιλαμβάνει ευρετήριο.  
650 0 0 |a Number theory. 
700 1 |a Steinhardt, F.  |e trl 
852 |a INST  |b CHIOS  |e 20080220  |h 512.8 LAN  |p 005200027858  |q 005200027858  |t BK  |y 0 
901 |a BIBL2-2008-1 
909 |a Χ  |b 145374 
922 |a 2ΕΛΗ  |b 200801  |c ΕΠΕΑΕΚ2/ΤΜΟΔ  |d ΕΛΕΥΘΕΡΟΥΔΑΚΗΣ 
970 |a ΒΑΡΦΗΣ  |b ΒΑΓΓΕΛΗΣ  |z 2008/02/20